000 00602nam a22002417a 4500
003 OSt
005 20140310182807.0
008 130215t xxu||||| |||| 00| 0 eng d
020 _a9718558403
050 _aBF 131
_b.G128 2000
082 _aFIL 150
_b.G12 2000
245 _aGeneral psychology
_cGaerlan, Josefina
250 _a5th ed.
260 _aQuezon City
_bKEN INC.,
_cc2000
300 _aviii, 272 p.
_c22.3 cm.
521 _acollege students
526 _c1210L-1700L
541 _j1
541 _j2
541 _j3
562 _e3
942 _2lcc
_cBK
_kPSYCH
999 _c16107
_d16107